书目信息 |
| 题名: |
工业结构
|
|
| 作者: | ;中国企业管理协会 编 | |
| 分册: | ||
| 出版信息: | 北京 企业管理出版社 1982 |
|
| 页数: | 220页 | |
| 开本: | 19cm | |
| 丛书名: | ||
| 单 册: | ||
| 中图分类: | F421 | |
| 科图分类: | ||
| 主题词: | 工业经济-经济结构--中国 , 经济结构-工业经济--中国 | |
| 电子资源: | ||
| ISBN: | ||
| 000 | 00660nam0 2200241 45 | |
| 001 | 0182003854 | |
| 005 | 20060808174137.12 | |
| 010 | @dCNY0.65 | |
| 091 | @aCN@b4207.031 | |
| 100 | @a19950302d1982 emky0chiy0121 ea | |
| 101 | 0 | @achi |
| 102 | @aCN@b110000 | |
| 105 | @ay zg 000yy | |
| 200 | 10 | @a工业结构@Agong ye jie gou@f中国企业管理协会编 |
| 210 | @a北京@c企业管理出版社@d1982 | |
| 215 | @a220页@d19cm | |
| 606 | @a工业经济-经济结构@y中国 | |
| 606 | @a经济结构-工业经济@y中国 | |
| 690 | @aF421@v3 | |
| 711 | 02 | @a中国企业管理协会@Azhong guo qi ye guan li xie hui@4编 |
| 801 | 2 | @aCN@bNLC@c20060808 |
| 801 | 0 | @aCN@bTSSF |
| 905 | @a10447@dF421@e61 | |
| 工业结构/中国企业管理协会编.-北京:企业管理出版社,1982 |
| 220页;19cm |
| ISBN :CNY0.65 |
| ● |
| 相关链接 |
|
|
|
|
正题名:工业结构
索取号:F421/61
 
预约/预借
| 序号 | 登录号 | 条形码 | 馆藏地/架位号 | 状态 | 备注 |
| 1 | 0447569 | 204475692 | 密集书库/ [索取号:F421/61] | 在馆 | |
| 2 | 0447570 | 204475709 | 密集书库/ [索取号:F421/61] | 在馆 |